Strukturální aspekty trhu práce.

Nebezpečie nezamestnanosti trvá ďalej. Rast produktivity práce, ktorý bude následovať po privatizácii, povedie k ďalšej vlne prepúšťania. Údaje o vývine nezamestnanosti za r. 1991 a vyššej miery nezamestnanosti v slovenských a moravských krajoch. Rozbor kvalifikačnej a vekovej štruktúry nezamestnano...

ver descrição completa

Na minha lista:
Detalhes bibliográficos
Autor principal: Frýdmanová, Marie
Formato: Capítulo de Livro
Idioma:tcheco
Assuntos:
Tags: Adicionar Tag
Sem tags, seja o primeiro a adicionar uma tag!

MARC

LEADER 00000naa a2200000 4500
001 r007563
005 20220831090253.2
041 0 |a cze 
044 |a [CS] 
245 1 0 |a Strukturální aspekty trhu práce.  |c Marie Frýdmanová 
520 |a Nebezpečie nezamestnanosti trvá ďalej. Rast produktivity práce, ktorý bude následovať po privatizácii, povedie k ďalšej vlne prepúšťania. Údaje o vývine nezamestnanosti za r. 1991 a vyššej miery nezamestnanosti v slovenských a moravských krajoch. Rozbor kvalifikačnej a vekovej štruktúry nezamestnanosti v ČR a SR, nezamestnanosti žien, Rómov, trvania nezamestnanosti a politiky zamestnanosti. 
610 2 0 |a trh práce 
610 2 0 |a štruktúra síl pracovných 
610 2 0 |a nezamestnanosť 
610 2 0 |a ČSFR 
610 2 0 |a zamestnanosť 
610 2 0 |a produktivita práce 
610 2 0 |a privatizácia 
610 2 0 |a údaje štatistické 
610 2 0 |a 1991-1992 
100 1 |a Frýdmanová, Marie